000 01112cam a2200253 4500
001 ABS64804
008 011126n2001 000 0 eng u
035 _a(Sirsi) u115728
100 _aKennett, S.
245 _aModel answer
260 _c2001
490 _aBuilding Services Journal
_v September 2001, 42-49(5)
520 _aA series of articles which illustrate how modelling can add value to a project and be a useful aid for reducing design risks. Discusses how computational fluid dynamic analysis was used in the construction of the new terminal 2E at the Paris Charles de Gaulle airport. Looks at some of the more useful features in the development of building services design software. Examines the current relationship between architectural and building services packages.
590 _aABS
650 _aMODELLING
650 _aDESIGN
650 _aCOMPUTER SIMULATION
650 _aPHYSICAL MODELLING
650 _aCLIENT NEEDS
650 _aBUILDING SERVICES ENGINEERS
690 _aMANAGEMENT-BUSINESS MANAGEMENT-INFORMATION MANAGEMENT
700 _aHaddlesey, P.
942 _n0
999 _c68932
_d68932